Malá Strana v raném středověku

Titel: Malá Strana v raném středověku : Stav výzkumu a rekapitulace poznání
Verfasser:
Beteiligt:
In: Archeologické rozhledy, Band 60, Heft 2 (2008), Seite 187-228
alle Artikel anzeigen
Veröffentlicht: 2008
Format: Aufsatz
Sprache: Tschechisch
Kein Bild verfügbar
X
alg: 39315483
001A    $01999:11-11-16 
001B    $03025:15-07-25 $t14:49:04.000 
001C    $06050:19-11-16 $t08:50:30.000 
001D    $01999:11-11-16 
001U    $0utf8 
001X    $00 
002@    $0Aox 
003@    $0393154831 
007A    $0393154831 $aHEB 
007T    $0Herdpp130477 
010@    $acze 
011@    $a2008 
021A    $aMalá Strana v raném středověku $dStav výzkumu a rekapitulace poznání 
028A    $aČiháková $dJarmila 
028B/01 $714193915X $8Havrda, Jan$Z1969- [Tp3] $9225682486 
031A    $d60 $e2 $h187-228 $j2008 
037A    $aRés. angl. s. 226-228: Malá Strana (Lesser Town) in Prague in the Early Middle Ages. The current status of archaeological excavations 
039B    $aIn $8--Abvc--. Archeologické rozhledy. - Praha, 1949-. - ISSN 0323-1267 $x200800000600002813 $9047286156 
045T    $a6,14 $a6,11 $a6,12 

lok: 39315483 78

exp: 39315483 78 1 #EPN
201B/01 $028-06-18 $t22:53:22.000 
201U/01 $0utf8 
203@/01 $0789265184 
208@/01 $a11-11-16 $be 
209A/01 $a/ $f000 $x00 
220C/01 $aHerkunft: Hú Av Čr Praha 
244Z/01 $#Tschechien $#Tschechische Republik $#Tschechien $#Tschechische Republik $#Tschechenland $#Tschechei Tschechien $#Česká Republika $#Czech Republic $#ČR $74303381-7 $8--Tg1--Tschechien $x01 $9086659812 
244Z/01 $2Trx $#Böhmen $#Bohemia $#Czechy $8--Trx--Čechy $x02 $9391188941 
244Z/01 $#Prag- Malá Strana $#Kleinseite $#Malá Strana $74265848-2 $8--Tg1--Prag-Kleinseite $x03 $9086419900 
244Z/01 $2Trx $#arheoloogia uurimused $#archeologiniai tyrimai $#archaeology research $#régészet vizsgálatok $#archeologia, badania $#archeológia, výskumy $#archeologie, výzkumy $8--Trx--Archäologie$gUntersuchungen $x04 $9391380192 
244Z/01 $2Trx $#asundusajalugu $#kolonizacija $#history of settlements $#településtörténet $#osadnictwo $#dejiny osídlenia $#dějiny osídlení $#osídlenie $#osídlení $8--Trx--Siedlungsgeschichte $x05 $9391357131 
244Z/01 $2Trx $#keraamika $#keramika $#ceramics $#kerámia $#ceramika $#keramika $#keramika $#Fayancen $#fajanse $#fajansy $#fajánse $8--Trx--Keramik $x06 $9391359673 
244Z/01 $2Trx $8--Trx--Zeitschriftenaufsatz $x07 $9391384341 
245Z/01 $a05.03 $x01 
247C/01 $82080>Marburg/Lahn, Herder-Institut, Forschungsbibliothek, Bibliographieportal $9336309341
LEADER 00000caa a22000002c 4500
001 393154831
003 DE-603
005 20250715144904.0
007 tu
008 161111s2008 xx |||| | u00||u|cze c
035 |a (DE-599)HEB393154831 
040 |a DE-603  |b ger  |c DE-603  |d DE-603 
041 |a cze 
084 |a 6,14  |a 6,11  |a 6,12  |2 ssgn 
100 1 |a Čiháková, Jarmila 
245 0 0 |a Malá Strana v raném středověku  |b Stav výzkumu a rekapitulace poznání 
264 0 |c 2008 
500 |a Rés. angl. s. 226-228: Malá Strana (Lesser Town) in Prague in the Early Middle Ages. The current status of archaeological excavations 
700 1 |a Havrda, Jan  |d 1969-  |0 (DE-603)225682486  |0 (DE-588)14193915X  |2 gnd 
773 0 8 |i In  |t Archeologické rozhledy  |d Praha, 1949-  |x 0323-1267  |g Band 60, Heft 2 (2008), Seite 187-228  |w (DE-603)047286156  |w (DE-600)205634-3 
924 0 |9 2080  |a (DE-603)789265184  |b DE-2080  |c HES  |d d  |g /